000 00973nam a22002177a 4500
003 OSt
005 20260310011110.0
008 260310b |||||||| |||| 00| 0 eng d
020 _a9781442488212
040 _aDWCL GS lib
_cOC
082 _aFic. H722g 2014
100 _aHolub Joan
245 _aGoddess Girls
_bATHENA THE PROUD
_cJoan Holub
260 _aNew York
_bSimon and Schuster Children's Publishing Division
_c2014
300 _aExtent- vii, 224 pages:
_billustration ;
_c23cm
520 _areimagines Greek goddesses (Athena, Persephone, Aphrodite, Artemis) as tweens attending Mount Olympus Academy.
650 _2is a pre-pubescent girl worshipped as a manifestation of the divine female energy (Shakti) by both Hindus and Buddhists.
650 _2 series and, more broadly, through various mythological traditions) focus on empowerment, self-discovery, and navigating the complexities of growing up.
700 _aSuzanne Williams
942 _2ddc
_cFIC.
_n0
999 _c8803
_d8803